000 00394 a2200133 4500
245 _aTales of Africa
_hprint
020 _a1779220197
650 _aSHORT STORIES
005 20191021095414.0
260 _arh
_bWeaver Press
_c2003
084 _aMLCS 2004/00711 (P)
300 _aiv, 56 p. : col. ill.
_b 21 cm.
_civ, 56 p. : col. ill. ; 21 cm.
500 _aretold by Margaret H. Tredgold.
999 _c12198
_d12198